| 000 | 00515nam a2200181Ia 4500 | ||
|---|---|---|---|
| 999 |
_c14445 _d14445 |
||
| 003 | OSt | ||
| 005 | 20201027103627.0 | ||
| 008 | 190216s9999||||xx |||||||||||||| ||und|| | ||
| 020 | _a9780140264036 | ||
| 040 | _coclc | ||
| 082 |
_a959.105 _bKYI/L |
||
| 100 |
_aKyi, Aung San Suu _96103 |
||
| 245 | 0 |
_aLetters From Burma / _cAung San Suu Kyi |
|
| 260 |
_bPenguin Books, _c1996. _aLondon: |
||
| 300 | _a209p | ||
| 650 | _aEnglish-Biography | ||
| 942 |
_cBK _2ddc _h959.105 _iKYI/L _k959.105 _mKYI/L |
||